[Event "AUT-ch"]
[Site "Graz"]
[Date "2017.08.20"]
[Round "9"]
[White "Wittmann, Walter"]
[Black "Pruell, Lukas"]
[Result "1/2-1/2"]
[WhiteElo "2145"]
[BlackElo "2003"]
[PlyCount "62"]
[EventDate "2017.08.12"]
[EventType "swiss"]
[EventRounds "9"]
[EventCountry "AUT"]
[SourceTitle "CBM 180 Extra"]
[Source "ChessBase"]
[SourceDate "2017.10.06"]
[SourceVersion "1"]
[SourceVersionDate "2017.10.06"]
[SourceQuality "1"]

1. e4 e5 2. Nf3 Nc6 3. Bb5 a6 4. Bxc6 dxc6 5. 0-0 f6 6. d4 exd4 7. Nxd4 c5 8. Ne2 Qxd1 9. Rxd1 Bd7 10. Nbc3 0-0-0 11. Bf4 g5 12. Bg3 Ne7 13. Rd2 h5 14. h3 Bh6 15. Rad1 h4 16. Bh2 g4 17. Bf4 gxh3 18. gxh3 Rdg8+ 19. Kh2 Bc6 20. Rg1 Rxg1 21. Kxg1 f5 22. Bxh6 Rxh6 23. exf5 Nxf5 24. Nd5 b5 25. c3 Rd6 26. Nef4 Kb7 27. Rd1 Rd7 28. Kf1 Rf7 29. Re1 Ng3+ 30. Kg1 Nh5 31. Ne6 Bxd5 1/2-1/2

[Event "AUT-ch"]
[Site "Graz"]
[Date "2017.08.15"]
[Round "4"]
[White "Lovrinovic, Christian"]
[Black "Wittmann, Walter"]
[Result "1/2-1/2"]
[WhiteElo "2175"]
[BlackElo "2145"]
[PlyCount "61"]
[EventDate "2017.08.12"]
[EventType "swiss"]
[EventRounds "9"]
[EventCountry "AUT"]
[SourceTitle "CBM 180 Extra"]
[Source "ChessBase"]
[SourceDate "2017.10.06"]
[SourceVersion "1"]
[SourceVersionDate "2017.10.06"]
[SourceQuality "1"]

1. d4 Nf6 2. c4 g6 3. Nc3 d5 4. cxd5 Nxd5 5. e4 Nxc3 6. bxc3 Bg7 7. Nf3 0-0 8. Rb1 Nd7 9. Be2 b6 10. 0-0 Nf6 11. Bd3 Bb7 12. Qe2 Rc8 13. c4 Nd7 14. Bb2 e6 15. c5 bxc5 16. d5 Bxb2 17. Rxb2 Nb6 18. dxe6 fxe6 19. Rc1 Qe7 20. Nd2 Rcd8 21. f3 Qf6 22. Rb3 Qg5 23. Rc2 Bc6 24. Rbc3 Na4 25. Rb3 Nb6 26. Rbc3 Na4 27. Rb3 Nb6 28. Rbc3 Na4 29. Rb3 Nb6 30. Rbc3 Na4 31. Rb3 1/2-1/2

[Event "AUT-ch"]
[Site "Graz"]
[Date "2017.08.14"]
[Round "3"]
[White "Wittmann, Walter"]
[Black "Grurl, Manfred"]
[Result "1/2-1/2"]
[WhiteElo "2145"]
[BlackElo "2070"]
[PlyCount "62"]
[EventDate "2017.08.12"]
[EventType "swiss"]
[EventRounds "9"]
[EventCountry "AUT"]
[SourceTitle "CBM 180 Extra"]
[Source "ChessBase"]
[SourceDate "2017.10.06"]
[SourceVersion "1"]
[SourceVersionDate "2017.10.06"]
[SourceQuality "1"]

1. e4 e6 2. d4 d5 3. Nd2 c5 4. Ngf3 cxd4 5. Nxd4 e5 6. N4b3 Nf6 7. Bb5+ Bd7 8. Bxd7+ Qxd7 9. exd5 Qxd5 10. 0-0 Nc6 11. Qe2 Be7 12. Nc4 0-0 13. Bg5 Rad8 14. Bh4 Rfe8 15. c3 Qe4 16. Qxe4 Nxe4 17. Bxe7 Rxe7 18. Rfe1 Nd6 19. Ne3 b6 20. Rad1 Red7 21. Rd2 Nb7 22. Rxd7 Rxd7 23. f3 f6 24. Kf2 Kf7 25. g4 Nbd8 26. Rd1 Rxd1 27. Nxd1 Ke6 28. Nd2 Nf7 29. Ne4 Nd6 30. Nxd6 Kxd6 31. Ne3 g6 1/2-1/2

[Event "AUT-ch"]
[Site "Graz"]
[Date "2017.08.13"]
[Round "2"]
[White "Wagner, Leopold Franziskus"]
[Black "Wittmann, Walter"]
[Result "1-0"]
[WhiteElo "2019"]
[BlackElo "2145"]
[PlyCount "83"]
[EventDate "2017.08.12"]
[EventType "swiss"]
[EventRounds "9"]
[EventCountry "AUT"]
[SourceTitle "CBM 180 Extra"]
[Source "ChessBase"]
[SourceDate "2017.10.06"]
[SourceVersion "1"]
[SourceVersionDate "2017.10.06"]
[SourceQuality "1"]

1. d4 Nf6 2. c4 g6 3. Nc3 d5 4. Nf3 Bg7 5. Bf4 c5 6. e3 0-0 7. Be2 dxc4 8. Bxc4 cxd4 9. exd4 Nc6 10. 0-0 Na5 11. Be2 b6 12. b4 Nc6 13. b5 Na5 14. Qd2 Bb7 15. Rfd1 Rc8 16. Ne5 Nd5 17. Nxd5 Bxd5 18. Rac1 Rxc1 19. Rxc1 Qa8 20. f3 Rc8 21. Rc2 Qb7 22. h3 e6 23. Kh2 Bf8 24. Ng4 Bg7 25. Be5 Rxc2 26. Qxc2 f5 27. Ne3 Bxe5+ 28. dxe5 Qb8 29. f4 Be4 30. Bd3 Bxd3 31. Qxd3 Nb7 32. Nc4 Qc7 33. Nd6 Nc5 34. Qf3 Qd8 35. Qc6 g5 36. g3 gxf4 37. gxf4 Qh4 38. Qe8+ Kg7 39. Qf7+ Kh6 40. Qf8+ Kg6 41. Qg8+ Kh6 42. Nf7+ 1-0

[Event "AUT-ch"]
[Site "St Johann im Pongau"]
[Date "2016.07.27"]
[Round "5"]
[White "Ehs, Dominik"]
[Black "Wittmann, Walter"]
[Result "0-1"]
[WhiteElo "2108"]
[BlackElo "2151"]
[PlyCount "107"]
[EventDate "2016.07.23"]
[EventType "swiss"]
[EventRounds "9"]
[EventCountry "AUT"]
[SourceTitle "CBM 173 Extra"]
[Source "ChessBase"]
[SourceDate "2016.08.29"]
[SourceVersion "1"]
[SourceVersionDate "2016.08.29"]
[SourceQuality "1"]

1. e4 c5 2. Nf3 Nc6 3. d4 cxd4 4. Nxd4 Nf6 5. Nc3 d6 6. Be2 e5 7. Nb3 Be7 8. 0-0 0-0 9. Be3 a5 10. a4 Nb4 11. f4 Bd7 12. Bf3 Bc6 13. Qe2 Re8 14. Qf2 exf4 15. Bb6 Qc8 16. Bxa5 Na6 17. Nd5 Bxd5 18. exd5 Nd7 19. Bg4 Bf6 20. Qxf4 Nac5 21. Bc3 Qc7 22. Nxc5 Qxc5+ 23. Kh1 Ne5 24. Qg3 Nxg4 25. Rxf6 Nxf6 26. Bxf6 g6 27. Rf1 Rxa4 28. c3 Rae4 29. Bd4 Qxd5 30. Qf2 Re2 31. Qg3 Qe6 32. Bf2 b5 33. h3 Rxb2 34. Bd4 f5 35. Qg5 Re2 36. Qh6 Qf7 37. Kh2 R2e7 38. Ra1 f4 39. Rf1 Re4 40. Rf2 R8e7 41. Rf1 Qf8 42. Qh4 Qf5 43. Ra1 f3 44. Ra8+ Re8 45. Rxe8+ Rxe8 46. Qh6 Re7 47. Qh4 Re8 48. Qh6 Qf8 49. Qg5 fxg2 50. Kxg2 Qf5 51. Qh6 Re2+ 52. Kg3 Qd3+ 53. Kg4 Re4+ 54. Kg5 0-1

[Event "Graz op-A"]
[Site "Graz"]
[Date "2016.02.16"]
[Round "6"]
[White "Wertjanz, David"]
[Black "Wittmann, Walter"]
[Result "1-0"]
[WhiteElo "2300"]
[BlackElo "2144"]
[PlyCount "73"]
[EventDate "2016.02.12"]
[EventType "swiss"]
[EventRounds "9"]
[EventCountry "AUT"]
[SourceTitle "CBM 170 Extra"]
[Source "ChessBase"]
[SourceDate "2016.02.25"]
[SourceVersion "1"]
[SourceVersionDate "2016.02.25"]
[SourceQuality "1"]

1. Nf3 Nf6 2. b3 g6 3. Bb2 Bg7 4. g3 c5 5. Bg2 Nc6 6. 0-0 d6 7. c4 e5 8. d3 0-0 9. Nc3 h6 10. Nd2 Rb8 11. Nd5 Nxd5 12. cxd5 Ne7 13. e4 g5 14. f4 gxf4 15. gxf4 Ng6 16. f5 Nf4 17. Nf3 Bf6 18. Bc1 Kh8 19. Bxf4 exf4 20. Rc1 Rg8 21. Kh1 Bd7 22. Qd2 Qf8 23. Qxf4 Re8 24. Rg1 Bb5 25. Rcd1 a5 26. Bf1 Rxg1+ 27. Kxg1 b6 28. Kh1 Kh7 29. Be2 Qe7 30. Rg1 Be5 31. Nxe5 Qxe5 32. Qxe5 Rxe5 33. d4 Bxe2 34. dxe5 Bf3+ 35. Rg2 Bxe4 36. exd6 Bxf5 37. Rf2 1-0

[Event "Graz op-A"]
[Site "Graz"]
[Date "2016.02.12"]
[Round "1"]
[White "Wittmann, Walter"]
[Black "Lei, Tingjie"]
[Result "0-1"]
[WhiteElo "2144"]
[BlackElo "2483"]
[PlyCount "90"]
[EventDate "2016.02.12"]
[EventType "swiss"]
[EventRounds "9"]
[EventCountry "AUT"]
[SourceTitle "CBM 170 Extra"]
[Source "ChessBase"]
[SourceDate "2016.02.25"]
[SourceVersion "1"]
[SourceVersionDate "2016.02.25"]
[SourceQuality "1"]

1. e4 e6 2. d4 d5 3. Nd2 dxe4 4. Nxe4 Bd7 5. Nf3 Bc6 6. Bd3 Nd7 7. 0-0 Ngf6 8. Ng3 Be7 9. c4 Bxf3 10. Qxf3 c6 11. b3 0-0 12. Bb2 Re8 13. Rfe1 Qa5 14. a3 Rad8 15. Re2 Qg5 16. Bc2 Bf8 17. Rae1 g6 18. h3 Qh4 19. b4 Bg7 20. Ne4 Nxe4 21. Rxe4 Qe7 22. Bb3 Nf8 23. Qe2 f5 24. Rf4 Qc7 25. g3 Kh8 26. h4 Re7 27. d5 e5 28. Rf3 e4 29. Bxg7+ Rxg7 30. Rc3 Nd7 31. dxc6 bxc6 32. Rd1 Ne5 33. Rxd8+ Qxd8 34. Rc1 Rd7 35. Rd1 Rxd1+ 36. Bxd1 Qd4 37. b5 c5 38. a4 Nxc4 39. Bb3 Nd2 40. Be6 c4 41. a5 c3 42. b6 c2 43. b7 c1Q+ 44. Kg2 Qcb2 45. Qa6 e3 0-1

[Event "Steyr Landesliga 1516"]
[Site "Austria"]
[Date "2015.11.28"]
[Round "5.3"]
[White "Wittmann, Walter"]
[Black "Steiner, Stefan"]
[Result "0-1"]
[WhiteElo "2150"]
[BlackElo "2305"]
[PlyCount "54"]
[EventDate "2015.09.26"]
[EventType "team-tourn"]
[EventRounds "11"]
[EventCountry "AUT"]
[SourceTitle "CBM 170 Extra"]
[Source "ChessBase"]
[SourceDate "2016.02.25"]
[SourceVersion "1"]
[SourceVersionDate "2016.02.25"]
[SourceQuality "1"]
[WhiteTeam "Graz Styria"]
[BlackTeam "Frauental Strassenbahn"]
[WhiteTeamCountry "AUT"]
[BlackTeamCountry "AUT"]

1. e4 Nc6 2. d4 d5 3. Nc3 e5 4. dxe5 d4 5. Nd5 f5 6. exf6 Nxf6 7. Bg5 Be6 8. Nxf6+ gxf6 9. Bd2 Qd7 10. Nf3 0-0-0 11. Bb5 Rg8 12. Nh4 Rg4 13. Nf3 Rxe4+ 14. Kf1 Bc5 15. b4 Bf8 16. a4 Rg4 17. a5 a6 18. Be2 Rxg2 19. Ne1 Rg8 20. Nd3 Bd5 21. f3 Qh3+ 22. Ke1 Bd6 23. Nf2 Qh4 24. Qb1 Rde8 25. Kf1 Rxe2 26. Kxe2 Re8+ 27. Kf1 Bxf3 0-1

[Event "EU-chT Seniors"]
[Site "Vienna"]
[Date "2015.07.15"]
[Round "4.9"]
[White "Vucenovic, Dragomir"]
[Black "Wittmann, Walter"]
[Result "1-0"]
[WhiteElo "2229"]
[BlackElo "2158"]
[PlyCount "75"]
[EventDate "2015.07.12"]
[EventType "team-swiss"]
[EventRounds "9"]
[EventCountry "AUT"]
[SourceTitle "EXT 2018"]
[Source "ChessBase"]
[SourceDate "2017.10.13"]
[SourceVersion "1"]
[SourceVersionDate "2017.10.13"]
[SourceQuality "1"]
[WhiteTeam "Switzerland"]
[BlackTeam "Austria II"]
[WhiteTeamCountry "SUI"]
[BlackTeamCountry "AUT"]

1. d4 d5 2. Nf3 Nf6 3. Bf4 g6 4. Nc3 c6 5. h3 Nbd7 6. e3 Bg7 7. Be2 0-0 8. 0-0 Re8 9. Bh2 a6 10. a3 c5 11. Ne5 e6 12. f4 Ne4 13. Nxe4 dxe4 14. c3 Qb6 15. b4 cxd4 16. exd4 f5 17. Kh1 Nxe5 18. fxe5 Bd7 19. Bg1 Qc7 20. c4 Rad8 21. Qb3 Bc8 22. Be3 h6 23. b5 axb5 24. cxb5 g5 25. Rac1 Qf7 26. b6 Qg6 27. g3 h5 28. Rc7 Bh6 29. Rfc1 Kh8 30. Qd1 g4 31. Qd2 Bxe3 32. Qxe3 gxh3 33. Qf4 Bd7 34. Rxb7 Rg8 35. Rcc7 Be8 36. Qh4 Rxd4 37. Qf6+ Qxf6 38. Rh7# 1-0

[Event "EU-chT Seniors"]
[Site "Vienna"]
[Date "2015.07.13"]
[Round "2.8"]
[White "Wittmann, Walter"]
[Black "Vogt, Lothar"]
[Result "1/2-1/2"]
[WhiteElo "2158"]
[BlackElo "2418"]
[PlyCount "26"]
[EventDate "2015.07.12"]
[EventType "team-swiss"]
[EventRounds "9"]
[EventCountry "AUT"]
[SourceTitle "EXT 2018"]
[Source "ChessBase"]
[SourceDate "2017.10.13"]
[SourceVersion "1"]
[SourceVersionDate "2017.10.13"]
[SourceQuality "1"]
[WhiteTeam "Austria II"]
[BlackTeam "Eppingen"]
[WhiteTeamCountry "AUT"]
[BlackTeamCountry "GER"]

1. e4 c5 2. Nf3 d6 3. Nc3 Nf6 4. e5 dxe5 5. Nxe5 Nbd7 6. Nc4 e6 7. g3 Nb6 8. b3 Be7 9. Bg2 0-0 10. 0-0 Nbd5 11. Bb2 Rb8 12. a4 Nxc3 13. Bxc3 Nd7 1/2-1/2

[Event "EU-chT Seniors"]
[Site "Vienna"]
[Date "2015.07.12"]
[Round "1.21"]
[White "Fernengel, Rudolf"]
[Black "Wittmann, Walter"]
[Result "1/2-1/2"]
[WhiteElo "1794"]
[BlackElo "2158"]
[PlyCount "81"]
[EventDate "2015.07.12"]
[EventType "team-swiss"]
[EventRounds "9"]
[EventCountry "AUT"]
[SourceTitle "EXT 2018"]
[Source "ChessBase"]
[SourceDate "2017.10.13"]
[SourceVersion "1"]
[SourceVersionDate "2017.10.13"]
[SourceQuality "1"]
[WhiteTeam "DSW DBAG III"]
[BlackTeam "Austria II"]
[WhiteTeamCountry "GER"]
[BlackTeamCountry "AUT"]

1. Nf3 c5 2. g3 Nc6 3. Bg2 g6 4. d3 Bg7 5. e4 d6 6. Nbd2 Nf6 7. 0-0 Bg4 8. h3 Bxf3 9. Nxf3 0-0 10. Re1 Nd7 11. c3 b5 12. Bg5 h6 13. Bf4 Rb8 14. Qd2 Kh7 15. d4 b4 16. d5 bxc3 17. bxc3 Nce5 18. Nxe5 Nxe5 19. Bxe5 Bxe5 20. f4 Bg7 21. e5 Qa5 22. Rad1 Qa3 23. Re2 Rb6 24. Qc1 Qa4 25. Rde1 Qc4 26. Qa3 Ra6 27. Qb2 Rb6 28. Qa3 Rb7 29. Rd2 Qb5 30. Bf1 Qe8 31. exd6 Qd8 32. dxe7 Rxe7 33. Rxe7 Qxe7 34. Re2 Qd6 35. Bg2 a6 36. c4 h5 37. Qf3 Rb8 38. Qe4 Qf6 39. Bf3 Qd4+ 40. Kg2 Bf6 41. h4 1/2-1/2

[Event "AUT-chT2M 1415"]
[Site "Austria"]
[Date "2015.04.18"]
[Round "10.2"]
[White "Testor, Sebastian"]
[Black "Wittmann, Walter"]
[Result "1-0"]
[WhiteElo "2283"]
[BlackElo "2190"]
[PlyCount "55"]
[EventDate "2014.10.03"]
[EventType "team-tourn"]
[EventRounds "11"]
[EventCountry "AUT"]
[SourceTitle "EXT 2016"]
[Source "ChessBase"]
[SourceDate "2015.10.08"]
[SourceVersion "1"]
[SourceVersionDate "2015.10.08"]
[SourceQuality "1"]
[WhiteTeam "Sauwald"]
[BlackTeam "Graz Styria"]
[WhiteTeamCountry "AUT"]
[BlackTeamCountry "AUT"]

1. d4 d5 2. c4 e6 3. Nc3 Nf6 4. cxd5 Nxd5 5. e4 Nxc3 6. bxc3 c5 7. Nf3 cxd4 8. cxd4 Bb4+ 9. Bd2 Bxd2+ 10. Qxd2 0-0 11. Bc4 Nd7 12. 0-0 b6 13. Rfe1 Bb7 14. a4 Rc8 15. Bd3 Qe7 16. a5 Rc7 17. axb6 axb6 18. Qb2 Rfc8 19. Ra7 h6 20. h3 Qf6 21. Nd2 Qf4 22. g3 Qg5 23. Nc4 Nf6 24. h4 Qg4 25. Ne5 Qh5 26. Be2 Rc1 27. Kf1 Rxe1+ 28. Kxe1 1-0

[Event "Graz op-A"]
[Site "Graz"]
[Date "2015.02.13"]
[Round "1"]
[White "Mareco, Sandro"]
[Black "Wittmann, Walter"]
[Result "1-0"]
[WhiteElo "2598"]
[BlackElo "2186"]
[PlyCount "41"]
[EventDate "2015.02.13"]
[EventType "swiss"]
[EventRounds "9"]
[EventCountry "AUT"]
[SourceTitle "CBM 164 Extra"]
[Source "ChessBase"]
[SourceDate "2015.03.02"]
[SourceVersion "1"]
[SourceVersionDate "2015.03.02"]
[SourceQuality "1"]

1. d4 d5 2. c4 e6 3. Nf3 Nf6 4. g3 dxc4 5. Bg2 Nc6 6. 0-0 a6 7. Bg5 Be7 8. e3 Rb8 9. Qc1 b5 10. b3 Na5 11. Nbd2 0-0 12. bxc4 bxc4 13. Nxc4 Nxc4 14. Qxc4 h6 15. Bxf6 gxf6 16. Rfc1 Bd6 17. Nd2 f5 18. Rab1 Rxb1 19. Rxb1 Qg5 20. Qc6 Kg7 21. Nc4 1-0

[Event "AUT-chT2M 1415"]
[Site "Austria"]
[Date "2014.11.15"]
[Round "4.6"]
[White "Wittmann, Walter"]
[Black "Wegerer, Fred"]
[Result "0-1"]
[WhiteElo "2190"]
[BlackElo "2149"]
[PlyCount "94"]
[EventDate "2014.10.03"]
[EventType "team-tourn"]
[EventRounds "11"]
[EventCountry "AUT"]
[SourceTitle "EXT 2015"]
[Source "ChessBase"]
[SourceDate "2014.11.20"]
[SourceVersion "1"]
[SourceVersionDate "2014.11.20"]
[SourceQuality "1"]
[WhiteTeam "Graz Styria"]
[BlackTeam "Gleisdorf"]
[WhiteTeamCountry "AUT"]
[BlackTeamCountry "AUT"]

1. e4 g6 2. d4 Bg7 3. Nf3 c6 4. Bc4 d5 5. exd5 cxd5 6. Bb3 Nc6 7. c3 Nf6 8. 0-0 0-0 9. Nbd2 Bf5 10. Re1 Na5 11. Bc2 Bxc2 12. Qxc2 Rc8 13. Qd3 a6 14. Ne5 e6 15. b3 Nc6 16. Nxc6 Rxc6 17. Bb2 Qb8 18. h3 Rfc8 19. a4 Nd7 20. Nf3 b5 21. axb5 axb5 22. Ra5 Rb6 23. Rea1 Qb7 24. Bc1 Qc6 25. Bd2 f6 26. Be1 e5 27. Nh2 e4 28. Qe3 f5 29. f3 Nf6 30. Ra7 Rb7 31. Rxb7 Qxb7 32. Qf4 b4 33. cxb4 Nh5 34. Qd2 Nf4 35. Bf2 Nd3 36. Rd1 Qxb4 37. Qxb4 Nxb4 38. g4 Rc2 39. gxf5 gxf5 40. fxe4 dxe4 41. d5 Nd3 42. Bb6 Be5 43. Nf1 Rb2 44. Ra1 Rxb3 45. Ra8+ Kf7 46. Ra7+ Kg6 47. Bd8 Bd4+ 0-1

[Event "AUT-chT2M 1415"]
[Site "Austria"]
[Date "2014.10.03"]
[Round "1.6"]
[White "Wittmann, Walter"]
[Black "Tratar, Marko"]
[Result "0-1"]
[WhiteElo "2190"]
[BlackElo "2487"]
[PlyCount "74"]
[EventDate "2014.10.03"]
[EventType "team-tourn"]
[EventRounds "11"]
[EventCountry "AUT"]
[SourceTitle "EXT 2015"]
[Source "ChessBase"]
[SourceDate "2014.11.20"]
[SourceVersion "1"]
[SourceVersionDate "2014.11.20"]
[SourceQuality "1"]
[WhiteTeam "Graz Styria"]
[BlackTeam "Maria Saal II"]
[WhiteTeamCountry "AUT"]
[BlackTeamCountry "AUT"]

1. e4 c5 2. Nf3 e6 3. d4 cxd4 4. Nxd4 a6 5. Nc3 d6 6. a4 Nc6 7. Nb3 b6 8. g3 Bb7 9. Bg2 Nf6 10. 0-0 Be7 11. f4 Qc7 12. Be3 0-0 13. g4 Rfe8 14. g5 Nd7 15. Qe2 Bf8 16. h4 Nb4 17. h5 Rac8 18. Rf2 Qc4 19. Qd2 Rcd8 20. Bf1 Qc7 21. Bg2 Nc5 22. Nxc5 bxc5 23. f5 exf5 24. exf5 Bxg2 25. Rxg2 d5 26. Bf4 Qd7 27. Rf1 d4 28. Ne2 Qxf5 29. Bc7 Qxc2 30. Qf4 Rd7 31. Ng3 Qxa4 32. Nf5 g6 33. Nh6+ Bxh6 34. gxh6 Nd5 35. Qh4 Rxc7 36. Rg5 Qc6 37. hxg6 fxg6 0-1

[Event "Schwarzach op 29th"]
[Site "Schwarzach"]
[Date "2014.08.16"]
[Round "1"]
[White "Krstic, Uros"]
[Black "Wittmann, Walter"]
[Result "1/2-1/2"]
[WhiteElo "2442"]
[BlackElo "2188"]
[PlyCount "28"]
[EventDate "2014.08.16"]
[EventType "swiss"]
[EventRounds "9"]
[EventCountry "AUT"]
[SourceTitle "CBM 162 Extra"]
[Source "ChessBase"]
[SourceDate "2014.10.17"]
[SourceVersion "1"]
[SourceVersionDate "2014.10.17"]
[SourceQuality "1"]

1. e4 c5 2. Nf3 Nc6 3. Nc3 d6 4. d4 cxd4 5. Nxd4 Nf6 6. h3 e6 7. g4 Be7 8. Bg2 0-0 9. Nde2 a6 10. Be3 Rb8 11. f4 Nd7 12. 0-0 b5 13. e5 Qc7 14. exd6 Bxd6 1/2-1/2

[Event "Pardubice Czech op-A 25th"]
[Site "Pardubice"]
[Date "2014.07.23"]
[Round "6"]
[White "Wittmann, Walter"]
[Black "Lobanov, Sergei"]
[Result "0-1"]
[WhiteElo "2196"]
[BlackElo "2277"]
[PlyCount "72"]
[EventDate "2014.07.18"]
[EventType "swiss"]
[EventRounds "9"]
[EventCountry "CZE"]
[SourceTitle "CBM 161 Extra"]
[Source "ChessBase"]
[SourceDate "2014.08.29"]
[SourceVersion "1"]
[SourceVersionDate "2014.08.29"]
[SourceQuality "1"]

1. e4 c5 2. Nf3 d6 3. Nc3 Nc6 4. d4 cxd4 5. Nxd4 Nf6 6. Bc4 e6 7. Bb3 Be7 8. Be3 0-0 9. 0-0 Nxd4 10. Bxd4 b5 11. a3 Bb7 12. f3 a6 13. Qe2 Qc7 14. Rad1 Rac8 15. Rfe1 Nd7 16. Qf2 Ne5 17. Qg3 g6 18. Ne2 Nc4 19. Rd3 e5 20. Bc3 a5 21. Bxc4 bxc4 22. Rdd1 f5 23. f4 Qc5+ 24. Kh1 Bxe4 25. fxe5 dxe5 26. Bxe5 Rfd8 27. Bd4 Qc7 28. Be5 Qb7 29. Nf4 Qc6 30. c3 Kf7 31. Qh3 h5 32. Qg3 h4 33. Qe3 g5 34. Bd4 gxf4 35. Qxf4 Rg8 36. Rd2 Bxg2+ 0-1

[Event "Pardubice Czech op-A 25th"]
[Site "Pardubice"]
[Date "2014.07.21"]
[Round "4"]
[White "Wittmann, Walter"]
[Black "Schwarz, Dusan"]
[Result "0-1"]
[WhiteElo "2196"]
[BlackElo "2352"]
[PlyCount "54"]
[EventDate "2014.07.18"]
[EventType "swiss"]
[EventRounds "9"]
[EventCountry "CZE"]
[SourceTitle "CBM 161 Extra"]
[Source "ChessBase"]
[SourceDate "2014.08.29"]
[SourceVersion "1"]
[SourceVersionDate "2014.08.29"]
[SourceQuality "1"]

1. e4 d5 2. exd5 Qxd5 3. Nf3 Bg4 4. Be2 Nc6 5. d4 0-0-0 6. c4 Qf5 7. Be3 Bxf3 8. gxf3 Nxd4 9. Bxd4 Qf4 10. Nc3 Rxd4 11. Qc2 e6 12. Nb5 Bb4+ 13. Kf1 Rd2 14. Qa4 Bc5 15. Nxa7+ Kd8 16. Rd1 Nf6 17. Nb5 Ke7 18. h4 Rhd8 19. Rxd2 Rxd2 20. Qa5 b6 21. Qa7 Rxe2 22. Kxe2 Qxc4+ 23. Kd2 Qxb5 24. Kc2 Nd5 25. Kb1 Qd3+ 26. Ka1 Qxf3 27. Rc1 Qxf2 0-1

[Event "AUT-chT2M 1314"]
[Site "Austria"]
[Date "2014.04.06"]
[Round "11.3"]
[White "Ly, Daniel"]
[Black "Wittmann, Walter"]
[Result "0-1"]
[WhiteElo "2074"]
[BlackElo "2216"]
[PlyCount "76"]
[EventDate "2013.10.04"]
[EventType "team-tourn"]
[EventRounds "11"]
[EventCountry "AUT"]
[SourceTitle "EXT 2015"]
[Source "ChessBase"]
[SourceDate "2014.11.20"]
[SourceVersion "1"]
[SourceVersionDate "2014.11.20"]
[SourceQuality "1"]
[WhiteTeam "Freistadt/Wartberg"]
[BlackTeam "Graz Styria"]
[WhiteTeamCountry "AUT"]
[BlackTeamCountry "AUT"]

1. e4 c5 2. Nf3 Nc6 3. d4 cxd4 4. Nxd4 Nf6 5. Nc3 d6 6. Bg5 e6 7. Qd2 Be7 8. 0-0-0 Nxd4 9. Qxd4 0-0 10. f4 Qa5 11. Kb1 h6 12. Bxf6 Bxf6 13. Qe3 Rd8 14. e5 dxe5 15. Rxd8+ Bxd8 16. Bd3 exf4 17. Qxf4 Qc7 18. Qf3 Bd7 19. Rf1 Bc6 20. Qh5 Rc8 21. Nb5 Bxb5 22. Qxb5 Bf6 23. g3 a6 24. Qb4 Rd8 25. Rf4 b5 26. Qe4 Qc5 27. a3 Qg1+ 28. Rf1 Qxh2 29. g4 Qd2 30. Ka2 Qg5 31. Rg1 g6 32. Re1 Kg7 33. Qb7 Rd6 34. Qc7 Qd5+ 35. Ka1 Qd4 36. Rb1 Rd7 37. Qc6 Rd6 38. Qc7 b4 0-1

[Event "Graz Casino op-A"]
[Site "Graz"]
[Date "2014.02.21"]
[Round "9"]
[White "Wittmann, Walter"]
[Black "Goessler, Markus"]
[Result "1/2-1/2"]
[WhiteElo "2218"]
[BlackElo "2154"]
[PlyCount "24"]
[EventDate "2014.02.14"]
[EventType "swiss"]
[EventRounds "9"]
[EventCountry "AUT"]
[SourceTitle "CBM 158 Extra"]
[Source "ChessBase"]
[SourceDate "2014.02.28"]
[SourceVersion "1"]
[SourceVersionDate "2014.02.28"]
[SourceQuality "1"]

1. e4 e6 2. d4 d5 3. Nd2 Be7 4. Ngf3 Nf6 5. Bd3 c5 6. exd5 Qxd5 7. dxc5 Qxc5 8. 0-0 0-0 9. Qe2 Nbd7 10. Re1 Qc7 11. Ne4 b6 12. Bg5 Bb7 1/2-1/2

[Event "Graz Casino op-A"]
[Site "Graz"]
[Date "2014.02.16"]
[Round "4"]
[White "Gutmann, Alois"]
[Black "Wittmann, Walter"]
[Result "1/2-1/2"]
[WhiteElo "2050"]
[BlackElo "2218"]
[PlyCount "20"]
[EventDate "2014.02.14"]
[EventType "swiss"]
[EventRounds "9"]
[EventCountry "AUT"]
[SourceTitle "CBM 158 Extra"]
[Source "ChessBase"]
[SourceDate "2014.02.28"]
[SourceVersion "1"]
[SourceVersionDate "2014.02.28"]
[SourceQuality "1"]

1. b3 d5 2. Bb2 Bg4 3. g3 c6 4. Bg2 Nd7 5. Nf3 e6 6. 0-0 h6 7. d3 Ngf6 8. Nbd2 Be7 9. h3 Bf5 10. Qe1 0-0 1/2-1/2

[Event "Steyr Landesliga 1314"]
[Site "Austria"]
[Date "2014.01.25"]
[Round "6.1"]
[White "Wittmann, Walter"]
[Black "Diermair, Andreas"]
[Result "0-1"]
[WhiteElo "2216"]
[BlackElo "2459"]
[PlyCount "68"]
[EventDate "2013.09.28"]
[EventType "team-tourn"]
[EventRounds "11"]
[EventCountry "AUT"]
[SourceTitle "EXT 2015"]
[Source "ChessBase"]
[SourceDate "2014.11.20"]
[SourceVersion "1"]
[SourceVersionDate "2014.11.20"]
[SourceQuality "1"]
[WhiteTeam "Graz Styria"]
[BlackTeam "Trofaiach Niklasdorf"]
[WhiteTeamCountry "AUT"]
[BlackTeamCountry "AUT"]

1. e4 e5 2. Nf3 Nc6 3. Bb5 a6 4. Bxc6 dxc6 5. 0-0 f6 6. d4 exd4 7. Nxd4 c5 8. Nb3 Qxd1 9. Rxd1 Bg4 10. f3 Be6 11. Nc3 c4 12. Nd4 Bf7 13. Be3 0-0-0 14. Nf5 Rxd1+ 15. Rxd1 Ne7 16. Nxe7+ Bxe7 17. g3 Re8 18. Kf2 b5 19. a4 c6 20. axb5 cxb5 21. Nd5 Bxd5 22. Rxd5 Rd8 23. Rxd8+ Kxd8 24. f4 Kd7 25. g4 Kc6 26. Ke2 a5 27. c3 b4 28. Kd1 b3 29. h4 a4 30. Bc1 g5 31. fxg5 fxg5 32. hxg5 Kd6 33. Ke2 Ke6 34. Kf3 Bxg5 0-1

[Event "Wch Seniors 23rd"]
[Site "Opatija"]
[Date "2013.11.15"]
[Round "4"]
[White "Cebalo, Miso"]
[Black "Wittmann, Walter"]
[Result "1-0"]
[WhiteElo "2415"]
[BlackElo "2224"]
[PlyCount "59"]
[EventDate "2013.11.12"]
[EventType "swiss"]
[EventRounds "11"]
[EventCountry "CRO"]
[SourceTitle "CBM 157 Extra"]
[Source "ChessBase"]
[SourceDate "2013.12.19"]
[SourceVersion "1"]
[SourceVersionDate "2013.12.19"]
[SourceQuality "1"]

1. c4 c5 2. g3 Nc6 3. Bg2 g6 4. Nc3 Bg7 5. Nf3 e6 6. 0-0 Nge7 7. d3 0-0 8. Bg5 h6 9. Bd2 b6 10. a3 Bb7 11. Rb1 a5 12. Qc1 Kh7 13. Nb5 d5 14. Rd1 Rc8 15. b4 axb4 16. axb4 Nxb4 17. Bxb4 cxb4 18. Rxb4 Ra8 19. Qc2 Nc6 20. Rbb1 Qe7 21. cxd5 exd5 22. Rdc1 Rfc8 23. Qd2 Ra5 24. Qe3 Qd8 25. Qf4 Qd7 26. Nd6 Rc7 27. Ne8 Rc8 28. Nxg7 Kxg7 29. Rxb6 Rca8 30. Rbxc6 1-0